| 000 | 01338cam a22002891 4500 | ||
|---|---|---|---|
| 001 | hew59000039 | ||
| 003 | DLC | ||
| 005 | 20260227111509.0 | ||
| 008 | 740128s1959 dcua f000 0 eng | ||
| 010 | _ahew59000039 | ||
| 035 | _a(OCoLC)783428 | ||
| 040 |
_aDLC _cOClU _dOCoLC _dDLC |
||
| 042 | _apremarc | ||
| 050 | 0 | 0 |
_aL111 _b.A72 no. 539 |
| 051 |
_aLC5251 _b.W3 |
||
| 082 | _a374.973 | ||
| 110 | 1 |
_aUnited States. _bOffice of Education. |
|
| 245 | 1 | 0 |
_aParticipation in adult education : _ba statistical analysis of the adult education data obtained in the October 1957 Current Population Survey of the Bureau of the Census / _cby Marie D. Wann and Marthine V. Woodward. |
| 260 |
_a[Washington] : _bU.S. Dept. of Health, Education, and Welfare, Office of Education, _c1959. |
||
| 300 |
_ax, 37p. : _bdiagrs., tables ; _c27 cm. |
||
| 440 | 0 |
_aCircular (United States. Office of Education) ; _vno. 539 |
|
| 501 |
_aL111.A72 with: Baccalaureate degrees conferred by American colleges in the 17th and 18th centuries / Walter Crosby Eells. [Washington] : Office of Education, 1958. Bound together subsequent to publication. _5DLC |
||
| 650 | 0 |
_aAdult education _vStatistics. |
|
| 700 | 1 |
_aWann, Marie Di Mario, _d1911- |
|
| 700 | 1 |
_aWoodward, Marthine V. _q(Marthine Vance), _d1929- |
|
| 710 | 1 |
_aUnited States. _bBureau of the Census. |
|
| 999 |
_c34198 _d34198 |
||